000
00291nam a22001217a 4500
082
_a
900
_b
RAJ/H
100
_a
RAJAN, E
245
_a
HISTORY II
_b
MODERN INDIA AND CONTEMPORARY WORLD
260
_a
TRICHUR
_b
EXCEL PUBLISHERS
300
_a
375
650
_a
HISTORY REFERENCE
_z
INDIA
942
_c
BK
999
_c
1584
_d
1584